Lataa...

Colected poems /

Bibliografiset tiedot
Päätekijä: Roberts, Michael .
Aineistotyyppi: Printed Book
Julkaistu: London : Faber and Faber , 1958.
Aiheet:
LEADER 00391cam a2200133ua 4500
082 1 4 |a 812.912  |b ROB-C 
100 1 |a Roberts, Michael . 
245 1 0 |a Colected poems /  
260 |a London :   |b Faber and Faber ,   |c 1958. 
300 |a NULL ;  
650 0 |a English poetry 
942 |c BK 
999 |c 26958  |d 26958 
952 |0 0  |1 0  |4 0  |6 812_912000000000000_ROBC  |7 0  |9 34358  |a KU  |b KU  |d 2015-07-05  |o 812.912 ROB-C  |p EN09594  |y BK